| 000 | 00511nam a2200181Ia 4500 | ||
|---|---|---|---|
| 003 | OSt | ||
| 005 | 20260110123552.0 | ||
| 008 | 210210b1953 xxu||||| |||| 00| 0 eng d | ||
| 040 | _cAL | ||
| 041 | _aKannada | ||
| 082 | _a859/1000 | ||
| 100 |
_aNARAYANA RAV (G T) _9145702 _dನಾರಾಯಣ ರಾವ್ (ಜಿಟಿ) |
||
| 245 |
_aKodagina kathegalu: _bಕೊಡಗಿನ ಕಥೆಗಳು |
||
| 260 |
_aMangaluru _b- _c1953 |
||
| 690 |
_aKannada Fiction _9145703 |
||
| 906 | _a021748 | ||
| 942 |
_2ddc _cBK |
||
| 999 |
_c145848 _d145848 |
||